| 000 | 01021nam0a22002531 4500 | ||
|---|---|---|---|
| 001 | rc\3391145 | ||
| 005 | 20260407212224.0 | ||
| 021 |
_aRU _bРг6268-69 |
||
| 035 | _a(NLR Aleph) 007457963 | ||
| 090 |
_a7286279 _c7286279 |
||
| 100 | _a20130115d1969 |||y0rusy50 ca | ||
| 101 | 0 | _arus | |
| 102 | _aRU | ||
| 105 | _ay z ||||| | ||
| 200 | 1 |
_aАннотированный перечень изобретений, внедренных в промышленность _fМ-во легкой пром-сти. УССР. ЦБТИ _iТрикотажное производство |
|
| 210 |
_aЛьвов _cБ. и. _d1969 |
||
| 215 |
_a12 с. _d19 |
||
| 309 | _aОтпеч. множит. аппаратом | ||
| 712 | 0 | 1 |
_aУССР _bМинистерство легкой промышленности _bЦентральное бюро технической информации _3RU\NLR\AUTH\8810141426 _9777657 |
| 801 | 0 |
_aRU _bNLR _gpsbo |
|
| 801 | 1 |
_aRU _bELAR _2rusmarc |
|
| 852 |
_aNLR _jПт 56/127 |
||
| 942 | _cBOOK | ||
| 980 | _aNB | ||